| 000 | 00532nam a22001817a 4500 | ||
|---|---|---|---|
| 999 |
_c526071 _d526071 |
||
| 003 | NUST | ||
| 020 | _qHBK | ||
| 038 | _aFaiza | ||
| 082 |
_a891.421 _bKHA |
||
| 100 |
_aKhan, Muhammad Khalid _917036 |
||
| 245 |
_aAnaap Shnaap / _cMuhammad Khalid Khan |
||
| 260 |
_aAbbottabad : _bMuhammad Khalid Khan, _c2004. |
||
| 300 | _a138 p. ; | ||
| 880 |
_6100-01\r _aمحمد خالد خان |
||
| 880 |
_6245-02\r _aاناپ شناپ / |
||
| 880 |
_6260-03\r _aایبٹ آباد : _bمحمد خالد خان, _c۲۰۰۴. |
||
| 942 |
_2ddc _cBK |
||